000 01056cam a2200241 4500
001 WB4022-10
008 040608n2004 000 0 eng u
035 _a(Sirsi) u126434
245 _aHomes above shops campaign receives boost
260 _c2004
490 _aInside Housing
_v21(22) 4 June 2004, 4(1)
520 _aGovernment funding has been secured for the Living over the shop campaign, which champions the conversion of unused space above high street stores. The housing minister has promised funding to ensure the campaign has a key role in negotiating bulk contracts with retailers at a national level. A new agency will be set up to accelerate the work carried out on a piecemeal basis by local authorities. The agency has the potential to create 300 000 extra homes.
590 _aWB
590 _aWB
650 _aSHOP DEVELOPMENT
650 _aRETAIL DEVELOPMENT
650 _aSPACE MANAGEMENT
650 _aCONVERSIONS
650 _aHOMES ABOVE SHOPS
650 _aLIVING OVER THE SHOP
690 _aHOUSING
942 _n0
999 _c117489
_d117489